Statistics for Top 10 Most Dangerous Celebrities To Search For Online

Click here to take the quiz!

General Stats

  • This quiz has been taken 33 times
  • The average score is 2 of 10

Answer Stats

risk % celebrity % Correct
15Justin Bieber
82%
12.67Miley Cyrus
46%
11.11Selena Gomez
39%
13.33Rihanna
36%
16.11Amy Schumer
18%
13.44Will Smith
11%
13.44Carson Daly
0%
12.56Chris Hardwick
0%
11.56Daniel Tosh
0%
11.11Kesha
0%

Score Distribution

Percentile by Number Answered

Percent of People with Each Score

Your Score History

You have not taken this quiz